Southville International School and Colleges
Your cart is empty.
  • Cart
  • Lists
    Public lists Eva Luna New books Lux_list list_1
    Your lists Log in to create your own lists
  • Log in to your account
  • Your cookies
  • Search history
Southville International School and Colleges
  • Advanced search
  • Recent comments
  • Most popular
  • Libraries

Log in to your account

Log in with GOOGLE


If you do not have an external account, but do have a local account, you can still log in:

  1. Home
  2. MARC view: Kahlil Gibran :
Normal view MARC view ISBD view

Kahlil Gibran : (Record no. 9753)

[ view plain ]
MARC details
000 -LEADER
fixed length control field 00522nam a22001817a 4500
003 - CONTROL NUMBER IDENTIFIER
control field SISC
005 - DATE AND TIME OF LATEST TRANSACTION
control field 20160308142447.0
008 - FIXED-LENGTH DATA ELEMENTS--GENERAL INFORMATION
fixed length control field 130122t xxu||||| |||| 00| 0 eng d
050 ## - LIBRARY OF CONGRESS CALL NUMBER
Classification number PJ 7826
Item number .F394 1959
082 ## - DEWEY DECIMAL CLASSIFICATION NUMBER
Classification number HS 808.83
Item number K12 1970
100 ## - MAIN ENTRY--PERSONAL NAME
Personal name Ferris, Anthony Rizcallah
9 (RLIN) 14926
245 ## - TITLE STATEMENT
Title Kahlil Gibran :
Statement of responsibility, etc Kahlil Gibran.
Remainder of title a self-portrait /
260 ## - PUBLICATION, DISTRIBUTION, ETC. (IMPRINT)
Place of publication, distribution, etc London ; New York :
Name of publisher, distributor, etc Heinemann ; Citadel Press,
Date of publication, distribution, etc c1959.
300 ## - PHYSICAL DESCRIPTION
Extent 94 p. ;
Dimensions 21 cm.
650 ## - SUBJECT ADDED ENTRY--TOPICAL TERM
Topical term or geographic name as entry element Fiction
9 (RLIN) 746
942 ## - ADDED ENTRY ELEMENTS (KOHA)
Source of classification or shelving scheme Library of Congress Classification
Koha item type Books
Holdings
Withdrawn status Lost status Source of classification or shelving scheme Damaged status Home library Current library Shelving location Date acquired Total Checkouts Full call number Barcode Date last seen Copy number Price effective from Koha item type
    Library of Congress Classification   Luxembourg Library Luxembourg Library High School Section 08/29/2013   PJ 7826 .F394 1959 2750 03/08/2016 1 08/29/2013 Books

Kahlil Gibran :

APA

Ferris A. R., . (1959). Kahlil Gibran. London ; New York: Heinemann ; Citadel Press.

Chicago

Ferris Anthony Rizcallah, . 1959. Kahlil Gibran. London ; New York: Heinemann ; Citadel Press.

Harvard

Ferris A. R., . (1959). Kahlil Gibran. London ; New York: Heinemann ; Citadel Press.

MLA

Ferris Anthony Rizcallah, . Kahlil Gibran. London ; New York: Heinemann ; Citadel Press. 1959.

  • Place hold
  • Print
  • Cite
  • Add to your cart (remove)
  • Save record
    BIBTEX Dublin Core MARCXML MARC (non-Unicode/MARC-8) MARC (Unicode/UTF-8) MARC (Unicode/UTF-8, Standard) MODS (XML) RIS
  • More searches
    Search for this title in:
    Other Libraries (WorldCat) Other Databases (Google Scholar) Online Stores (Bookfinder.com) Open Library (openlibrary.org)

Exporting to Dublin Core...

SOUTHVILLE LIBRARY

Southville International School and Colleges Library

1281 Tropical Ave. Cor. Luxembourg St., BF Homes International, Las Pinas City

Tel. No. 8256374 / 252358 Loc. 117/146

Powered by Koha